000 00986njm a22002657a 4500
005 20100913134558.0
006 a|||||r|||||00| 0
007 sd ammalaaahaa
008 100907t xxu||||| |||| 00| 0 hin d
028 _aEASD 1351
_bHis Master's Voice
035 _aGR-02160
040 _aSED
_cSED
100 _aBhushan, Padma
_918699
245 _aShehnai /
_cby Padma Bhushan and Ustad Bismillah Khan
_h[Sound Recording]
246 _aशेहनाई / पद्मा भूषण
260 _aDum Dum, India
_bHis Master's Voice
_c1970
300 _a1 sound disc [Gramophone Record] :
_banalog, 33.1/3 rpm
_c12 in. (LP)
_fGramophone Records
500 _aBrief record
500 _aRecords Labels : His Master's Voice, Red
600 _aBhushan, Padma
_919719
650 _aClassical Songs
_xExcerpts
_zIndia
_918876
700 _aUstad Bismillah Khan
_918877
942 _2ddc
_cGR
999 _c45396
_d45396